000 01240nam a2200253 a 4500
001 36719
003 BD-RjUL
005 20211209052527.0
008 140823s2000 bg o|||e b||| 00| 0 ben d
020 _cIRs.70.00
035 _a(BD-RjUL) 36820
040 _aBD-RjUL
_bben
_cBD-RjUL
041 _aben
082 _a891.44209
_bMIB 2000
_223
245 0 0 _aবাঙলা গ্রামীণ লোকনাটক :
_bআলোচনা এবং সংগ্রহ /
_cসনৎকুমার মিত্র সম্পাদিত
260 _aকলিকাতা :
_bলোকসংস্কৃতি গবেষণা পরিষদ
_cc ২০০০.
300 _a[১০], ২৪২পৃ.:
_bচিত্র ;
_c১৮ সেমি.
490 _aলোকসংস্কৃতি গবেষণা গন্থমালা ;
_v
650 _aবাংলা লোকনাটক
_vইতিহাস ও সমালোচনা
_9124568
650 _aBengali Folk Drama
_vHistory and Criticism
_9124569
700 _aমিত্র, সনৎকুমার, সম্পাদক
_9124570
830 _aলোকসংস্কৃতি গবেষণা গন্থমালা ;
_v
_9145085
942 _2ddc
_cBK
999 _c36719
_d36719